| LEADER |
01207nam0a2200265 450 |
| 001 |
16867835 |
| 010 |
|
|
|a 978-2-7459-6250-8
|b br.
|d 14,95
|
| 100 |
|
|
|a 20130516d2013 u u0frey01 ba
|
| 101 |
0 |
|
|a fre
|
| 102 |
|
|
|a FR
|
| 200 |
0 |
|
|a Copain de la nature
|e à la découverte de la nature
|f Christian Bouchardy
|g illustrations Loïc Méhée, Noël Gouilloux (Catiche Productions) et Anne Eydoux
|
| 205 |
|
|
|a Nouvelle présentation
|
| 207 |
|
1 |
|a
|
| 215 |
|
|
|a 1 vol. (253 p.)
|c illustrations en couleur
|d 26 cm
|
| 300 |
|
|
|a Bibliogr. Glossaire. Index
|
| 330 |
|
|
|a Pour faire ses premières découvertes de la nature, la description d'un grand nombre d'espèces animales et végétales et des conseils pour respecter l'environnement. Avec de nombreuses activités à pratiquer au fil des saisons et au gré des milieux explorés.
|
| 606 |
0 |
|
|a Nature
|x Observation
|
| 676 |
|
|
|a 577
|
| 700 |
|
0 |
|a Bouchardy
|b Christian
|4 70
|
| 702 |
|
0 |
|a Méhée
|b Loïc
|f 1979-....
|4 440
|
| 702 |
|
0 |
|a Gouilloux
|b Noël
|4 440
|
| 702 |
|
0 |
|a Eydoux
|b Anne
|f 1964-....
|4 440
|
| 900 |
|
|
|a Roman (enfants)
|
| 901 |
|
|
|a Jeunesse
|
| 995 |
|
|
|a Médiathèque
|c Médiathèque
|f 00156008142960
|h 00156008142960
|k E 577 BOU
|o p
|q j
|r az
|e Médiathèque
|